| 000 | 00932nam a2200277 a 4500 | ||
|---|---|---|---|
| 001 | 000028012 | ||
| 003 | DO-SdBPM | ||
| 005 | 20250811131020.0 | ||
| 007 | ta | ||
| 008 | 110406s1999 dr 000 0 spa d | ||
| 040 |
_aDO-SdBPM _bspa _cBPMSU _drda |
||
| 082 | 4 |
_a928.61 _bH519T1999 _222 |
|
| 100 | 1 |
_aTena Reyes, Jorge _eautor |
|
| 245 | 1 | 0 |
_aSemblanza sobre la vida y obra de Pedro Henríquez Ureña / _cJorge Tena Reyes. |
| 264 |
_aSanto Domingo : _bSecretaría de Estado de Educación y Cultura, _c1999. |
||
| 300 |
_a18 Páginas ; _c22 cm. |
||
| 336 |
_atexto _btxt _2rdacontent |
||
| 337 |
_asin mediación _bn _2rdamedia |
||
| 338 |
_avolumen _bnc _2rdacontent |
||
| 590 | _aInventariado, 2025 /VM | ||
| 600 | 1 | 4 |
_aHenríquez Ureña, Pedro, _d1884-1946 _xBiografías |
| 600 | z |
_a Ureña, Pedro Henríquez, _d1884-1946 |
|
| 650 | _aLiteratura dominicana | ||
| 910 | _aVMateo V. Control de calidad. BPMSU | ||
| 942 |
_2ddc _cBK |
||
| 999 |
_c15309 _d15309 |
||